|
|
|
|
| LEADER |
00000nab a2200000 a 4500 |
| 001 |
vtls000173305 |
| 003 |
SK-MaSNL |
| 005 |
20260302202856.0 |
| 008 |
220810c1984 xo 0 slo |
| 015 |
|
|
|a SNBRB19rr/mm-uuuuu
|
| 035 |
|
|
|a CL0183417
|
| 040 |
|
|
|a SNKBUCL
|b slo
|c SNKBUCL
|e AACR2
|
| 041 |
0 |
|
|a slo
|
| 044 |
|
|
|a xo
|c SK
|
| 080 |
|
|
|a 638.19
|2 1981
|
| 080 |
|
|
|a 633.31/.32
|2 1981
|
| 080 |
|
|
|a 581.162.3
|2 1981
|
| 100 |
1 |
|
|a Zubal, Pavel
|4 aut
|9 5384
|
| 245 |
1 |
0 |
|a Význam opeľovania lucerny siatej a ďateliny lúčnej
|c Pavel Zubal
|
| 650 |
0 |
7 |
|a včela medonosná
|2 snkbucl
|9 25170
|
| 650 |
0 |
7 |
|a opeľovanie
|2 snkbucl
|9 692771
|
| 650 |
0 |
7 |
|a lucerna siata
|2 snkbucl
|9 52005
|
| 650 |
0 |
7 |
|a ďatelina lúčna
|2 snkbucl
|9 19074
|
| 655 |
|
7 |
|a články z novín a časopisov
|2 snkbucl
|9 267496
|
| 773 |
0 |
|
|t Včelár
|g Roč. 58, č. 2 (1984), s. 39
|
| 850 |
|
|
|a Slovenská národná knižnica v Martine
|a MTA001
|
| 852 |
|
|
|a SNK
|b KIS3GCP
|
| 954 |
|
|
|a odborná, vedecká literatúra pôvodná (slovenská)
|2 lita
|
| 958 |
|
|
|a OND
|
| 958 |
|
|
|a RK
|
| 992 |
|
|
|a RBX
|
| 999 |
|
|
|c 1466821
|d 1468751
|